000 00560nam a2200181 a 4500
001 000031979
005 20200930063329.0
008 110707s19uu dr 000 p spa d
040 _aDO-SdBNP
_bspa
_cBNPHU
082 _axxxx
_bC322u
100 1 _aCartagena, Elvis D.,
_d1965-
_911382
245 1 3 _aUn amor para dos corazones /
_cElvis D. Cartagena.
260 _a[Santo Domingo :
_bs.n.,
_c19--?].
300 _a15 p. ;
_c21 cm.
490 1 _aJessica María Contreras Villafaña
_v1
830 0 _aJessica María Contreras Villafaña
_v1
_958140
049 _aBNPD
999 _c31470
_d31470